Virgilio: poeta, artista y pensador

Saved in:
Bibliografiske detaljer
Hovedforfatter: Guillemin, A. M (Author)
Format: Bog
Sprog:spansk
Udgivet: Barcelona Paidos 1982
Serier:Paidos Studio, 38
Fag:
Tags: Tilføj Tag
Ingen Tags, Vær først til at tagge denne postø!

MARC

LEADER 00000nam a2200000 a 4500
001 UCV9781
003 CL-VaPUC
008 930506e19820000SP |||||||||||||||||spa|d
082 0 4 |a 871.09  |b GUI  |2 21 
100 0 |a Guillemin, A. M  |e author  |9 303799 
245 1 0 |a Virgilio: poeta, artista y pensador 
300 |a 310 p 
942 |c BK 
945 |d 19930506 00:00:00 
260 |a Barcelona  |b Paidos  |c 1982 
600 0 7 |a VIRGILIO  |2 CL-VaPUC  |9 266332 
600 0 7 |a VIRGILIO MARON, PUBLIO  |2 CL-VaPUC  |9 266333 
583 |a last modification  |c 19930506 00:00:00  |k Rodrigo Vera 
490 0 |a Paidos Studio, 38 
999 |c 215078  |d 215076 
952 |0 0  |1 0  |4 0  |6 871_090000000000000_GUI_1982  |7 0  |8 P  |9 199039  |a BIBARQ  |b BIBARQ  |d 2019-11-14  |i 2663643  |o 871.09 GUI 1982  |p 2663643  |r 2025-01-20  |w 2019-11-14  |y BK  |k ARQ